[Event "Tanglin op"]
[Site "Singapore"]
[Date "2022.05.31"]
[Round "5"]
[White "Agung, Rinaldi Santoso"]
[Black "Lee, Yi Kai Amos"]
[Result "1-0"]
[WhiteElo "1423"]
[BlackElo "1126"]
[PlyCount "65"]
[EventDate "2022.05.28"]
[EventType "swiss"]
[EventRounds "9"]
[EventCountry "SIN"]
[SourceTitle "CBM 208 Extra"]
[Source "ChessBase"]
[SourceDate "2022.07.31"]
[SourceVersion "1"]
[SourceVersionDate "2022.07.31"]
[SourceQuality "1"]

1. e4 d6 2. f4 Nf6 3. d3 c5 4. Nf3 Nc6 5. Be2 g6 6. 0-0 Bg7 7. c3 0-0 8. a4 Qb6 9. Nbd2 Be6 10. Ng5 d5 11. e5 Nd7 12. Nxe6 fxe6 13. Bg4 Nd8 14. Nf3 Nf7 15. a5 Qc6 16. Qa4 Rac8 17. d4 Nh6 18. Bh3 Nf5 19. g4 Nh6 20. Ng5 Nf7 21. Qxc6 Rxc6 22. f5 exf5 23. gxf5 Nxg5 24. Bxg5 Re8 25. Bg2 Rc7 26. Bxd5+ Kh8 27. fxg6 hxg6 28. Rf3 e6 29. Be4 Rf8 30. Rh3+ Kg8 31. Bxg6 Bh8 32. Bh7+ Kg7 33. Bh6+ 1-0

[Event "Tanglin op"]
[Site "Singapore"]
[Date "2022.05.30"]
[Round "4"]
[White "Lee, Yi Kai Amos"]
[Black "Arthur, Matthew"]
[Result "1/2-1/2"]
[WhiteElo "1126"]
[BlackElo "1461"]
[PlyCount "94"]
[EventDate "2022.05.28"]
[EventType "swiss"]
[EventRounds "9"]
[EventCountry "SIN"]
[SourceTitle "CBM 208 Extra"]
[Source "ChessBase"]
[SourceDate "2022.07.31"]
[SourceVersion "1"]
[SourceVersionDate "2022.07.31"]
[SourceQuality "1"]

1. d4 d5 2. Bf4 Nf6 3. Nf3 c5 4. e3 Nc6 5. Nbd2 Bg4 6. c3 Qb6 7. Qb3 c4 8. Qc2 e6 9. h3 Bf5 10. Qc1 Be7 11. Be2 0-0 12. 0-0 h6 13. Bd1 Rfc8 14. Bc2 Bxc2 15. Qxc2 Qd8 16. Bh2 b5 17. a3 Bd6 18. Ne5 Nd7 19. f4 Ndxe5 20. fxe5 Be7 21. Qd1 Bg5 22. Qf3 Qe8 23. Bf4 Bxf4 24. exf4 Rd8 25. Qg4 Ne7 26. Rf3 Nf5 27. Nf1 Qe7 28. Ng3 Nxg3 29. Rxg3 f5 30. exf6 Qxf6 31. Rf1 Rd7 32. f5 Rf8 33. Rgf3 Re8 34. Re3 e5 35. Rxe5 Rxe5 36. dxe5 Qxe5 37. f6 Rf7 38. Qc8+ Kh7 39. Qf5+ Qxf5 40. Rxf5 Rxf6 41. Rxd5 a6 42. g4 Re6 43. Kf2 g5 44. Kf3 Kg6 45. Rd4 Kf6 46. Re4 Rd6 47. Rd4 Re6 1/2-1/2